Aristotle (Registro nro. 318386)

Detalles MARC
000 -ENCABEZADO
Número de control [NR] 02447nam a22003497a 4500
005 - FECHA Y HORA DE LA ÚLTIMA TRANSACCIÓN
control field 20220114122318.0
008 - DE LONGITUD FIJA DE DATOS DE ELEMENTOS - INFORMACIÓN GENERAL
Elementos de longitud fija [NR] 201107k19331935enk |||f||||| 001 0 mul d
020 ## - NUMERO INTERNACIONAL NORMALIZADO PARA LIBROS [R]
Número Internacional Normalizado del libro [NR] 9780674992993
020 ## - NUMERO INTERNACIONAL NORMALIZADO PARA LIBROS [R]
Número Internacional Normalizado del libro [NR] 9780674993174
040 ## - FUENTE DE CATALOGACION [NR]
Quien Cataloga Sandra Yazo
Quien Clasifica Sandra Yazo
041 0# - CODIGO DE IDIOMA [R]
Código de idioma para texto/pista de sonido o título separado [R] Inglés
-- Griego
082 04 - NUMERO DE CLASIFICACION DECIMAL DEWEY [R]
Número de la edición [NR] 20
Número de clasificación [R] 185.1
092 ## - SIGNATURA TOPOGRAFICA LOCAL
Número de clasificación local E62N060
100 1# - ASIENTO PRINCIPAL--NOMBRE PERSONAL [NR]
Nombre personal [NR] Aristóteles
ID Autoridad 1041
Fechas asociadas con el nombre [NR] 384-322 a. C.
242 00 - TRADUCCION DEL TITULO POR LA AGENCIA CATALOGADORA [R]
Título [NR] Aristóteles
Parte restante del título [NR] XVII-XVIII.
Mención de responsabilidad, etc. [NR] Traducidos al inglés por Hugh Tredennick ; G. Cyril Armstrong,
Nombre de la parte o sección [R] Metafísica ; Económica ; Gran Moral.
Código de idioma del título traducido [NR] spa
245 10 - MENCION DE TITULO [NR]
Título [NR] Aristotle
Parte restante del título [NR] XVII-XVIII.
Mención de responsabilidad, etc. [NR] With an english translation by Hugh Tredennick ; Cyril Armstrong.
Nombre de la parte/sección de la obra [R] Metaphysics ; Oconomica ; Magna Moralia.
260 ## - PUBLICACION, DISTRIBUCION, ETC. (PIE DE IMPRENTA) [R]
Lugar de publicación, distribución, etc. [R] London [Londres] (Inglaterra)
Nombre del editor, distribuidor, etc. [R] Harvard University Press [Imprenta de la Universidad de Harvard]
Fecha de publicación, distribución, etc. [R] 1933-1935
300 ## - DESCRIPCION FISICA [R]
Extensión [R] 2 volúmenes (xxxvi, 473 ; x, 688 páginas)
Dimensiones [R] 16 x 11 cm.
490 0# - MENCION DE SERIE [R]
Mención de serie [R] Loeb classical Library
Designación numérica/secuencial del volumen [NR] 271 ; 287
500 ## - NOTA GENERAL [R]
Nota general [NR] Detalles físicos: Encuadernación rígida. Cartón duro forrado en tela. Lomo con adornos en dorado. En la tapa delantera anagrama en dorado. Cubierta de papel verde con solapa, que incluye datos de autor y de la obra. Guardas. Hoja de cortesía. Anteportada. Portada impresa en una sola tinta; información sobre la obra dentro de un recuadro. Pequeño grabado con el emblema de la Colección (Palas Athenea); en el círculo, la inscripción “Loeb Classical Library”. Texto muy bien impreso en una sola columna: el texto griego, con párrafos numerados, ocupa la página derecha; la traducción inglesa correspondiente a la página de la izquierda. Notas de pie de página. Incluye índice. Hojas de cortesía posteriores y guardas. V.1: Incluye un gráfico.
505 0# - NOTA DE CONTENIDO CON FORMATO PREESTABLECIDO [R]
Nota de contenido con formato preestablecido [NR] Aristóteles 17-18: V.1: Introducción ; Bibliografía ; Metafísica: Libros I al IX -- V.2: Listado de las Obras de Aristóteles ; Metafísica: Libros X al XIV ; Índice ; La económica: Libros I al III ; Introducción ; Índice ; La Gran Moral: Libros I y II ; Introducción ; Índice
506 ## - NOTA DE RESTRICCIONES DE ACCESO [R]
Condiciones de acceso [NR] Consulta en sala
546 ## - NOTA DE IDIOMA [R]
Nota de idioma [NR] Texto en inglés y griego
650 #7 - ASIENTO SECUNDARIO DE MATERIA - TERMINO TEMATICO [R]
9 (RLIN) 15732
Término temático o nombre geográfico como elemento de entrada [NR] Filosofía aristotélica
650 #7 - ASIENTO SECUNDARIO DE MATERIA - TERMINO TEMATICO [R]
9 (RLIN) 19397
Término temático o nombre geográfico como elemento de entrada [NR] Metafísica
650 #7 - ASIENTO SECUNDARIO DE MATERIA - TERMINO TEMATICO [R]
9 (RLIN) 174
Término temático o nombre geográfico como elemento de entrada [NR] Economía
650 #7 - ASIENTO SECUNDARIO DE MATERIA - TERMINO TEMATICO [R]
9 (RLIN) 19752
Término temático o nombre geográfico como elemento de entrada [NR] Moral
690 ## - ASUNTO AGREGADO LOCAL DE ENTRADA - TÉRMINO TEMÁTICO (OCLC, RLIN)
Acceso temático local Filosofía
9 (RLIN) 75
700 14 - ASIENTO SECUNDARIO - NOMBRE PERSONAL [R]
Nombre personal [NR] Tredennick, Hugh
Término de relación [R] traductor
Fechas asociadas con el nombre [NR] 1899-1982
9 (RLIN) 101707
700 14 - ASIENTO SECUNDARIO - NOMBRE PERSONAL [R]
Nombre personal [NR] Armstrong, G. Cyril‏
Término de relación [R] traductor
Fechas asociadas con el nombre [NR] 1875-
Forma más completa del nombre [NR] (George Cyril)
9 (RLIN) 101869
942 ## - ELEMENTOS DE ENTRADA AGREGADOS (KOHA)
Sistema de clasificación LOCAL
Tipo de ítem principal el descrito en 300a Libro
Edición 1
Clasificación E62N060
Existencias
Suprimido Perdido Sistema de clasificación Dañado No prestable Tipo de ítem específico Ubicación habitual Ubicación actual Localización Fecha de creación Forma de adquisición Volúmen / Fascículo Signatura topográfica Código de barras Última vez visto Ejemplar Price effective from Tipo de ítem
    LOCAL     Libro archivo Archivo Histórico Archivo Histórico Archivo histórico 07/12/2020 Compra V.1 E62N060 L010344 07/12/2020 Ej.1 07/12/2020 Libro
    LOCAL     Libro archivo Archivo Histórico Archivo Histórico Archivo histórico 07/12/2020 Compra V.2 E62N060 L010345 07/12/2020 Ej.1 07/12/2020 Libro